Radiation effects of sic on nuclear reactors; Научная инициатива иностранных студентов и аспирантов; Т. 2

Λεπτομέρειες βιβλιογραφικής εγγραφής
Parent link:Научная инициатива иностранных студентов и аспирантов: сборник докладовI Международной научно-практической конференции, Томск, 27-29 апреля 2021 г./ Национальный исследовательский Томский политехнический университет, Школа базовой инженерной подготовки.— , 2021
Т. 2.— 2021.— [С. 427-432]
Κύριος συγγραφέας: Samiru Alhassan
Συγγραφή απο Οργανισμό/Αρχή: Национальный исследовательский Томский политехнический университет Инженерная школа ядерных технологий Отделение ядерно-топливного цикла
Άλλοι συγγραφείς: Nesterov V. N. Vladimir Nikolaevich
Περίληψη:Заглавие с титульного экрана
Silicon carbides have enjoyed both fundamental study and practical application since the early days of nuclear materials science. In the past decade, with the increased interest in increasing efficiency, solving the real issues of waste disposal, and the constant mission to improve safety of nuclear reactors, silicon carbide has become even more attractive. This ceramic material has wide range of applications due to its high strength, low density, thermal shock resistance. The purpose of this paper is to discuss recent research that does not only strives to understand the remarkable radiation stability of SiC but the radiation effect of SiC under high temperature. This article will expound on the fabrication of SiC, the mechanical behavior and thermaity with regards to the phase transformation which occurs at refractory temperature.
Γλώσσα:Αγγλικά
Έκδοση: 2021
Σειρά:Science as a vocation and career
Θέματα:
Διαθέσιμο Online:http://earchive.tpu.ru/handle/11683/67888
Μορφή: Ηλεκτρονική πηγή Κεφάλαιο βιβλίου
KOHA link:https://koha.lib.tpu.ru/cgi-bin/koha/opac-detail.pl?biblionumber=633099

MARC

LEADER 00000naa2a2200000 4500
001 633099
005 20231220162958.0
035 |a (RuTPU)RU\TPU\conf\34847 
035 |a RU\TPU\conf\34831 
090 |a 633099 
100 |a 20210628d2021 k y0rusy50 ba 
101 0 |a eng 
102 |a RU 
105 |a y z 101zy 
135 |a drgn ---uucaa 
181 0 |a i  
182 0 |a b 
200 1 |a Radiation effects of sic on nuclear reactors  |f Samiru Alhassan, V. N. Nesterov 
203 |a Текст  |c электронный 
225 1 |a Science as a vocation and career 
300 |a Заглавие с титульного экрана 
320 |a [Библиогр.: с. 431-432 (7 назв.)] 
330 |a Silicon carbides have enjoyed both fundamental study and practical application since the early days of nuclear materials science. In the past decade, with the increased interest in increasing efficiency, solving the real issues of waste disposal, and the constant mission to improve safety of nuclear reactors, silicon carbide has become even more attractive. This ceramic material has wide range of applications due to its high strength, low density, thermal shock resistance. The purpose of this paper is to discuss recent research that does not only strives to understand the remarkable radiation stability of SiC but the radiation effect of SiC under high temperature. This article will expound on the fabrication of SiC, the mechanical behavior and thermaity with regards to the phase transformation which occurs at refractory temperature. 
461 1 |0 (RuTPU)RU\TPU\conf\34751  |t Научная инициатива иностранных студентов и аспирантов  |o сборник докладовI Международной научно-практической конференции, Томск, 27-29 апреля 2021 г.  |o в 2 т.  |f Национальный исследовательский Томский политехнический университет, Школа базовой инженерной подготовки  |d 2021 
463 1 |0 (RuTPU)RU\TPU\conf\34755  |t Т. 2  |v [С. 427-432]  |d 2021 
610 1 |a труды учёных ТПУ 
610 1 |a электронный ресурс 
610 1 |a радиационные воздействия 
610 1 |a ядерные реакторы 
610 1 |a утилизация 
610 1 |a безопасность 
610 1 |a керамические материалы 
610 1 |a радиационная стойкость 
610 1 |a высокие температуры 
610 1 |a механические свойства 
610 1 |a термоэлементы 
610 1 |a фазовые превращения 
700 0 |a Samiru Alhassan 
701 1 |a Nesterov  |b V. N.  |c specialist in the field of nuclear energy  |c associate Professor of Tomsk Polytechnic University, candidate of technical Sciences  |f 1977-  |g Vladimir Nikolaevich  |3 (RuTPU)RU\TPU\pers\35579  |9 18749 
712 0 2 |a Национальный исследовательский Томский политехнический университет  |b Инженерная школа ядерных технологий  |b Отделение ядерно-топливного цикла  |3 (RuTPU)RU\TPU\col\23554 
801 2 |a RU  |b 63413507  |c 20210706  |g RCR 
856 4 |u http://earchive.tpu.ru/handle/11683/67888 
942 |c BK